Películas y públicos: la batalla por la diversidad/

保存先:
書誌詳細
第一著者: Rosas Mantecón, Ana 1961- (Autora)
フォーマット: 図書
言語:Spanish
タグ: タグ追加
タグなし, このレコードへの初めてのタグを付けませんか!

MARC

LEADER 00000nam a22000007a 4500
003 cru CRAI/IIS
005 20210211150224.0
008 210211t2004 mx |||||r|||||0|| ||spa|d
999 |c 43601  |d 43601 
040 |c cru CRAI/IIS 
100 1 |9 4569  |a Rosas Mantecón, Ana  |d 1961-  |e Autora 
245 1 |a Películas y públicos:  |b la batalla por la diversidad/  |c Ana Rosas Mantecón 
300 |a páginas 153-168 :  |b tablas, gráfico 
773 0 |0 42320  |9 3192  |d México: UNAM; Miguel Angel Porrúa, 2004  |o 18521  |t Los retos culturales de México/  |z 9707015020 
942 |2 ddc  |c LI